[Event "Ch URS"]
[Site "masterchessopen.com – Leningrad (Russia)"]
[Round "13"]
[White "Taimanov Mark E (RUS)"]
[Black "Polugaevsky Lev A (RUS)"]
[Result "1-0"]
[WhiteElo "2386"]
[BlackElo "2585"]

1.d4 d5 2.c4 dxc4 3.Nf3 Nf6 4.Qa4+ Nbd7 5.Nc3 e6 6.e4 c5 7.d5 exd5 8.e5 d4
9.Bxc4 dxc3 10.exf6 Qxf6 11.Bg5 Qc6 12.O-O-O { ! } 12...cxb2+ ( 12...Qxa4
13.Rhe1+ Be7 14.Rxe7+ Kf8 15.Rxf7+ Kg8 ( 15...Ke8 16.Re1+ Ne5 17.Rxe5+ Be6
18.Bxe6 ) 16.Rfxd7+ Qxc4 17.Rd8+ Kf7 18.Ne5+ Ke6 19.Nxc4 ) ( 12...Be7 13.Qxc6
{ ! } 13...bxc6 14.Bxe7 { ! } 14...cxb2+ 15.Kxb2 Kxe7 16.Rhe1+ Kd8 17.Ng5 Kc7
18.Nxf7 Rf8 19.Re7 ) 13.Kxb2 Be7 14.Rhe1 f6 15.Bb5 Qb6 ( 15...Qc7 16.Bf4 { ! }
) 16.Kc1 fxg5 17.Bxd7+ Kf8 18.Rxe7 Kxe7 19.Qe4+ Kd8 ( 19...Kf7 20.Nxg5+ ) (
19...Kf6 20.Qe5+ Kg6 21.Qf5+ Kh5 22.Qxg5# ) 20.Bf5+ Kc7 21.Qe5+ Kc6 22.Rd6+
Kb5 23.Qb2+ 1-0

[Event "Ch Czechoslovakia"]
[Site "masterchessopen.com – Kosice (Czech Republic)"]
[Round "14"]
[White "Dolezal Jiri (CZE)"]
[Black "Kavalek Lubomir (USA)"]
[Result "0-1"]
[WhiteElo "1775"]
[BlackElo "2527"]

1.Nf3 Nf6 2.d4 d5 3.c4 dxc4 4.Qa4+ c6 5.Qxc4 Bg4 6.Nc3 Nbd7 7.e4 Nb6 8.Qd3
Bxf3 9.gxf3 g6 10.a4 a5 11.Be3 Bg7 12.d5 Nbd7 13.f4 O-O 14.Be2 e5 15.dxe6 fxe6
16.Qc4 Qe7 17.h4 Kh8 18.e5 Nd5 19.h5 Kg8 20.hxg6 h6 21.Rd1 Rad8 22.Bg4 Rde8
23.Ne4 Bxe5 24.fxe5 Nxe5 25.Qe2 Nxe3 26.g7 Rf4 27.Qxe3 Rxg4 28.Qxh6 Rxe4+
29.Kf1 Qxg7 30.Qh5 Rf8 {#R} 0-1

[Event "Ch URS"]
[Site "masterchessopen.com – Yerevan (Armenia)"]
[Round "0"]
[White "Taimanov Mark E (RUS)"]
[Black "Novopashin Arkady (RUS)"]
[Result "1-0"]
[WhiteElo "2386"]
[BlackElo "2387"]

1.d4 d5 2.c4 dxc4 3.Nf3 Nf6 4.Qa4+ c6 5.Qxc4 Bg4 6.Nbd2 Nbd7 7.g3 Qa5 8.Bg2 e5
9.O-O Bd6 10.Qb3 e4 11.Qxb7 O-O 12.Qxc6 Bb4 13.Ne5 Rac8 14.Ndc4 Rxc6 15.Nxa5
Nxe5 16.dxe5 Bxa5 17.f3 exf3 18.exf3 Bc8 19.exf6 Re8 20.Bf4 Rc2 21.Rfc1 Rxb2
22.Be5 Rd2 23.f4 gxf6 24.Bxf6 Bf5 25.Kh1 Rxg2 26.Kxg2 h5 27.h3 Be4+ 28.Kh2 Bf3
29.Rc2 Re6 30.Bd4 h4 31.Rg1 Kh7 32.gxh4 Bd8 {#r} 1-0

[Event "Ch \"]
[Site "masterchessopen.com – Moscow (Russia)"]
[Round "7"]
[White "Taimanov Mark E (RUS)"]
[Black "Platonov Igor V (RUS)"]
[Result "0-1"]
[WhiteElo "2386"]
[BlackElo "2430"]

1.d4 d5 2.c4 dxc4 3.Nf3 Nf6 4.Qa4+ c6 5.Qxc4 Bf5 6.g3 Nbd7 7.Bg2 e6 8.O-O Be7
9.Nc3 O-O 10.Bg5 h6 11.Bxf6 Bxf6 12.e4 Bg4 13.Rfd1 Nb6 14.Qd3 Qd7 15.e5 Be7
16.Ne4 Rfd8 17.Rac1 Rac8 18.Nc5 Bxc5 19.Rxc5 Na4 20.Rc2 Bf5 21.Qb3 Bxc2
22.Qxc2 c5 23.d5 exd5 24.e6 fxe6 25.Bh3 c4 26.Ne5 Qe8 27.Ng6 d4 28.Nf4 d3 {#R}
0-1

[Event "Olympiad"]
[Site "masterchessopen.com – Tel Aviv (Israel)"]
[Round "7"]
[White "Pachman Ludek (GER)"]
[Black "Kuijpers Frans A (NED)"]
[Result "1-0"]
[WhiteElo "2278"]
[BlackElo "2280"]

1.d4 d5 2.c4 dxc4 3.Nf3 Nf6 4.Qa4+ Nbd7 5.Nc3 e6 6.e4 c5 7.d5 exd5 8.e5 d4
9.exf6 dxc3 10.Bxc4 gxf6 11.O-O Bg7 12.Re1+ Kf8 13.Bf4 Ne5 14.Nxe5 fxe5
15.Bxe5 Bxe5 16.Rxe5 cxb2 17.Rae1 Bd7 18.Qa3 Qb6 19.Rxc5 b1=Q 20.Rb5+ Kg7
21.Rbxb1 Qf6 22.Re7 Bf5 23.Bxf7 Bxb1 24.Be8+ Qxe7 25.Qxe7+ Kh6 26.Qe3+ Kg7
27.Qe5+ Kg8 28.Qd5+ Kg7 29.Qxb7+ Kh6 30.Qxa8 Bg6 31.Qxa7 Rxe8 32.h3 {#r} 1-0

[Event "It"]
[Site "masterchessopen.com – Mar del Plata (Argentina)"]
[Round "0"]
[White "Bolbochan Julio (ARG)"]
[Black "Emma Jaime (ARG)"]
[Result "1-0"]
[WhiteElo "2440"]
[BlackElo "2395"]

1.d4 d5 2.c4 dxc4 3.Nf3 Nf6 4.Qa4+ c6 5.Qxc4 Bf5 6.g3 Nbd7 7.Nc3 Ne4 8.Bg2 e6
9.O-O Nb6 10.Qb3 Be7 11.a4 O-O 12.a5 Nd5 13.Ne5 Nd6 14.Re1 Nxc3 15.bxc3 a6
16.e4 Bg6 17.c4 Rc8 18.Ba3 Rc7 19.Rad1 Qb8 20.Bc5 Nc8 21.Bb6 Nxb6 22.axb6 Rcc8
23.Nd7 Qd6 24.Nxf8 Bxf8 25.e5 Qe7 26.Rc1 h6 27.d5 cxd5 28.cxd5 Rc5 29.Rxc5
Qxc5 30.dxe6 fxe6 31.Bxb7 {#r} 1-0

[Event "Ch Bulgaria"]
[Site "masterchessopen.com – Plovdiv (Bulgaria)"]
[Date "1969.02.25"]
[Round "19"]
[White "Popov Luben (BUL)"]
[Black "Popov Petar (BUL)"]
[Result "1-0"]
[WhiteElo "2317"]
[BlackElo "2228"]

1.d4 d5 2.c4 dxc4 3.Nf3 Nf6 4.Qa4+ c6 5.Qxc4 Bf5 6.Nc3 Nbd7 7.g3 e6 8.Bg2 Be7
9.O-O O-O 10.Nh4 Nb6 11.Qb3 Qxd4 12.Nxf5 exf5 13.a4 g6 14.a5 Qc4 15.Qxc4 Nxc4
16.a6 b6 17.Bxc6 Rac8 18.Bb7 Rcd8 19.Bh6 Rfe8 20.Nb5 Ng4 21.Bf4 Bd6 22.Nxa7
{#r} 1-0

[Event "?"]
[Site "masterchessopen.com – Yugoslavia"]
[Round "0"]
[White "Knezevic Milorad (SRB)"]
[Black "Messing Hrvoje (CRO)"]
[Result "1-0"]
[WhiteElo "2212"]
[BlackElo "2312"]

1.d4 d5 2.c4 dxc4 3.Nf3 Nf6 4.Qa4+ Nbd7 5.Nc3 e6 6.e4 c5 7.d5 exd5 8.e5 d4
9.exf6 dxc3 10.Bxc4 gxf6 11.O-O cxb2 12.Bxb2 Be7 13.Rad1 O-O 14.Bb5 Qb6
15.Bxd7 Qxb2 16.Bxc8 Raxc8 17.Rb1 Qc3 18.Rfe1 {#r} 1-0

[Event "It (b)"]
[Site "masterchessopen.com – Prague (Czech Republic)"]
[Round "11"]
[White "Praszak Michal (POL)"]
[Black "Kurka Frantisek (CZE)"]
[Result "1-0"]
[WhiteElo "2170"]
[BlackElo "2065"]

1.d4 d5 2.Nf3 Nf6 3.c4 dxc4 4.Qa4+ Nbd7 5.Qxc4 e6 6.Nc3 c5 7.e4 a6 8.Qa4 cxd4
9.Nxd4 Be7 10.Be2 O-O 11.O-O Nc5 12.Qd1 Ncxe4 13.Nxe4 Nxe4 14.Bf3 Nf6 15.Bf4
Nd5 16.Bg3 Bd6 17.Bxd6 Qxd6 18.Nf5 Qe5 19.Bxd5 Qxf5 20.Bf3 Qe5 21.Qb3 Rb8
22.Qb6 Bd7 23.a4 Rfc8 24.Rfd1 Qc7 25.Qa7 a5 26.h3 b6 {#r} 1-0

[Event "It (young masters)"]
[Site "masterchessopen.com – Gausdal (Norway)"]
[Round "7"]
[White "Odendahl Steven M (USA)"]
[Black "Adler Bo (SWE)"]
[Result "1-0"]
[WhiteElo "2420"]
[BlackElo "2171"]

1.d4 d5 2.Nf3 Nf6 3.c4 dxc4 4.Qa4+ Bd7 5.Qxc4 Bc6 6.Nc3 Nbd7 7.Qd3 e6 8.a3 Bd6
9.e4 e5 10.d5 Nc5 11.Qc2 Bd7 12.b4 Na6 13.Be2 O-O 14.Nd2 Ne8 15.O-O Nb8 16.Nc4
f5 17.f4 Qe7 18.fxe5 Bxe5 19.Nxe5 Qxe5 20.Bf4 Qd4+ 21.Kh1 fxe4 22.Rad1 Qb6
23.d6 Nf6 24.Bc4+ Kh8 25.Nd5 Nxd5 26.Bxd5 cxd6 27.Be3 {#r} 1-0

[Event "It (cat.7)"]
[Site "masterchessopen.com – Athens (Greece)"]
[Round "0"]
[White "Skembris Spyridon (GRE)"]
[Black "Vlahos Kiriakos (GRE)"]
[Result "1-0"]
[WhiteElo "2385"]
[BlackElo "2243"]

1.d4 d5 2.Nf3 Nf6 3.c4 dxc4 4.Qa4+ Nc6 5.Nc3 Nd5 6.e4 Nb6 7.Qd1 Bg4 8.d5 Ne5
9.Be2 Bxf3 10.gxf3 e6 11.f4 Ng6 12.dxe6 fxe6 13.Be3 Qh4 14.Bh5 Bb4 15.Rg1
Bxc3+ 16.bxc3 Qxh2 17.Qg4 O-O-O 18.Ke2 Na4 19.Rac1 Rd3 20.Bxg6 hxg6 21.Qxe6+
Kb8 22.Rh1 Nxc3+ 23.Kf3 {#r} 1-0

[Event "It"]
[Site "masterchessopen.com – Nassau (USA)"]
[Round "8"]
[White "Blocker Calvin (USA)"]
[Black "Schroer Jonathan (USA)"]
[Result "0-1"]
[WhiteElo "2378"]
[BlackElo "2325"]

1.d4 d5 2.c4 dxc4 3.Nf3 Nf6 4.Qa4+ c6 5.Qxc4 Bf5 6.g3 e6 7.Bg2 Be7 8.O-O Nbd7
9.Nc3 O-O 10.Bf4 Qb6 11.Rfe1 Qxb2 12.e4 Nxe4 13.Nxe4 Bxe4 14.Qf1 Bg6 15.Re3
Qb5 16.Qd1 Nb6 17.a4 Qf5 18.Ne1 Bf6 19.Be5 Nc4 20.g4 Nxe3 21.fxe3 Qg5 22.Bf4
Qa5 23.Nf3 Be4 {#R} 0-1

[Event "It (open)"]
[Site "masterchessopen.com – New York (USA)"]
[Round "1"]
[White "Conquest Stuart (ENG)"]
[Black "Dlugy Maxim (USA)"]
[Result "0-1"]
[WhiteElo "2515"]
[BlackElo "2470"]

1.d4 d5 2.c4 dxc4 3.Nf3 Nf6 4.Qa4+ Nc6 5.Nc3 Nd5 6.Qxc4 Nb6 7.Qd3 e5 8.Nxe5
Nb4 9.Qb1 Qxd4 10.Nf3 Qd6 11.e4 Bg4 12.a3 Bxf3 13.gxf3 Nc6 14.Nb5 Qe7 15.Be3
O-O-O 16.Bh3+ Kb8 17.O-O Qh4 18.Kg2 a6 19.Nc3 Rd6 20.Ne2 Nc4 21.Bf4 Rg6+
22.Bg3 Nd2 23.Qa2 Nxf1 24.Rxf1 Qf6 25.f4 Nd4 26.Nxd4 Qxd4 27.Re1 Bc5 28.b4 Bb6
29.Bf5 Rf6 30.Bg4 h5 31.e5 Rfh6 32.Rd1 Qc3 {#R} 0-1

[Event "It (open)"]
[Site "masterchessopen.com – Athens (Greece)"]
[Round "0"]
[White "Frendzas Panayotis (GRE)"]
[Black "Damljanovic Branko (SRB)"]
[Result "0-1"]
[WhiteElo "2364"]
[BlackElo "2410"]

1.d4 Nf6 2.Nf3 d5 3.c4 dxc4 4.Qa4+ c6 5.Qxc4 Bf5 6.Nc3 e6 7.g3 Nbd7 8.Bg2 Be7
9.O-O O-O 10.Bf4 h6 11.a4 a5 12.Rfd1 Bc2 13.Rd2 Nb6 14.Qa2 Bh7 15.Ne1 Nfd5
16.Nxd5 Nxd5 17.Be5 Bb4 18.Rdd1 Bxe1 19.Rxe1 Nb4 20.Qb3 f6 21.Bf4 Nc2 22.Qxb7
Nxa1 23.Rxa1 Qxd4 24.Bxc6 Kh8 25.Qb3 Rac8 26.Rd1 Qc5 27.Bd7 Bc2 {#R} 0-1

[Event "Cup Atlantic (team)"]
[Site "masterchessopen.com – Pohja (Finland)"]
[Round "0"]
[White "Fedder Steen (DEN)"]
[Black "Kivisto Mikko (SIN)"]
[Result "1-0"]
[WhiteElo "2410"]
[BlackElo "2325"]

1.d4 d5 2.c4 dxc4 3.Nf3 Nf6 4.Qa4+ Nc6 5.Nc3 Nd5 6.Qxc4 Ndb4 7.Qb3 Be6 8.Qa4
Bd7 9.Qd1 Bg4 10.a3 Nd5 11.e4 Nb6 12.d5 Nb8 13.Bf4 c6 14.h3 Bxf3 15.Qxf3 N8d7
16.Rd1 e6 17.dxc6 bxc6 18.Ba6 Qf6 19.e5 Nxe5 20.Qe4 Nbd7 21.Bb7 Rd8 22.O-O Be7
23.Rfe1 Rb8 24.Bxc6 Nxc6 25.Qxc6 {#r} 1-0

[Event "It \"]
[Site "masterchessopen.com – Trnava (Slovakia)"]
[Round "0"]
[White "Hausner Ivan (CZE)"]
[Black "Kallai Gabor (HUN)"]
[Result "0-1"]
[WhiteElo "2400"]
[BlackElo "2445"]

1.d4 d5 2.c4 dxc4 3.Nf3 Nf6 4.Qa4+ c6 5.Qxc4 Bf5 6.Nc3 e6 7.g3 Nbd7 8.Bg2 Be7
9.O-O O-O 10.Nh4 Nb6 11.Qb3 Qxd4 12.Nxf5 exf5 13.Rd1 Qc4 14.Qc2 g6 15.b3 Qe6
16.Bb2 Rfe8 17.Re1 Bf8 18.e4 Bg7 19.Bh3 Qe7 20.exf5 Qxe1+ 21.Rxe1 Rxe1+ 22.Kg2
Rd8 23.fxg6 hxg6 24.Bc1 Nfd5 25.Nxd5 Nxd5 26.a3 Nf6 27.Be3 a6 28.Qc4 Rb1
29.Bg5 Re8 30.Kf3 Rb2 31.Bf1 Ne4 32.Be3 Rxf2+ {#R} 0-1

[Event "Ch Great Britain"]
[Site "masterchessopen.com – Southampton (England)"]
[Round "1"]
[White "Varley Peter (WLS)"]
[Black "Motwani Paul (SCO)"]
[Result "0-1"]
[WhiteElo "2268"]
[BlackElo "2355"]

1.d4 d5 2.c4 dxc4 3.Nf3 Nf6 4.Qa4+ c6 5.Qxc4 Bf5 6.Nc3 Nbd7 7.Bg5 Qb6 8.Nd2
Qxb2 9.Nb3 Nb6 10.Qc5 e6 11.Bc1 Qc2 12.Qa5 Nc4 {#R} 0-1

[Event "It (open)"]
[Site "masterchessopen.com – Bargteheide (Germany)"]
[Round "4"]
[White "Loebel Carsten (GER)"]
[Black "Pax Horst Dr (GER)"]
[Result "0-1"]
[WhiteElo "2044"]
[BlackElo "2146"]

1.d4 d5 2.Nf3 Nf6 3.c4 dxc4 4.Qa4+ Nbd7 5.Qxc4 a6 6.g3 b5 7.Qc2 Bb7 8.Nbd2 e6
9.Bg2 c5 10.O-O Rc8 11.Qd1 Qb6 12.e3 cxd4 13.exd4 Be7 14.Nb3 O-O 15.Be3 Nd5
16.Bd2 b4 17.Ne5 Nxe5 18.dxe5 a5 19.a4 Rfd8 20.Re1 Ba6 21.Rc1 Bc4 22.Re4 Nc3
23.bxc3 Bxb3 24.Qe2 Bxa4 25.cxb4 Rxc1+ 26.Bxc1 Rd1+ 27.Qxd1 Bxd1 28.Be3 Qb5
29.Rd4 Be2 30.bxa5 Qb1+ {#R} 0-1

[Event "?"]
[Site "masterchessopen.com – Los Angeles (USA)"]
[Round "0"]
[White "Seirawan Yasser (USA)"]
[Black "Blankenau Mike P (USA)"]
[Result "1-0"]
[WhiteElo "2610"]
[BlackElo "2248"]

1.d4 d5 2.c4 dxc4 3.Nf3 Nf6 4.Qa4+ Nbd7 5.Nc3 e6 6.e4 Be7 7.Qxc4 O-O 8.Bg5 h6
9.Bh4 Ne8 10.Bg3 Nd6 11.Qb3 b6 12.Rd1 Bb7 13.Bd3 Qc8 14.O-O c5 15.Bb1 c4
16.Qc2 Re8 17.Bxd6 Bxd6 18.e5 Bb4 19.Qh7+ Kf8 20.Ne4 Ke7 21.a3 {#r} 1-0

[Event "It (open)"]
[Site "masterchessopen.com – New York (USA)"]
[Round "0"]
[White "Foisor Ovidiu Doru (ROM)"]
[Black "Reichman Andre (USA)"]
[Result "1-0"]
[WhiteElo "2381"]
[BlackElo "2180"]

1.d4 d5 2.c4 dxc4 3.Nf3 Nf6 4.Qa4+ c6 5.Qxc4 Nbd7 6.Nc3 e6 7.g3 c5 8.Bg2 Nb6
9.Qd3 c4 10.Qc2 Bb4 11.O-O O-O 12.Rd1 Bd7 13.Ne5 Bxc3 14.Qxc3 Nfd5 15.Qa3 Ba4
16.Re1 Rc8 17.Bd2 f6 18.Nf3 Qe7 19.Qxe7 Nxe7 20.Rac1 Rfd8 21.e3 Bc6 22.Ba5 Be4
23.Nd2 Bxg2 24.Kxg2 Rd6 25.Rc2 Rdc6 26.Rec1 Na4 27.e4 b6 28.Bb4 Kf7 29.Nxc4
{#r} 1-0

[Event "Ch Brazil"]
[Site "masterchessopen.com – Sao Paulo (Brazil)"]
[Round "7"]
[White "Teixeira Ricardo Da Silva (BRA)"]
[Black "Rocha Antonio (BRA)"]
[Result "0-1"]
[WhiteElo "2266"]
[BlackElo "2300"]

1.Nf3 d5 2.d4 Nf6 3.c4 dxc4 4.Qa4+ c6 5.Qxc4 Bf5 6.Nc3 Nbd7 7.g3 e6 8.Bg2 Be7
9.O-O O-O 10.e3 h6 11.Qe2 Bh7 12.e4 Bb4 13.Ne1 e5 14.dxe5 Nxe5 15.f4 Ned7
16.e5 Re8 17.Nc2 Bc5+ 18.Be3 Nd5 19.Nxd5 cxd5 20.Nd4 Nf6 21.Rac1 Qb6 22.Rfd1
Ne4 23.Bxe4 Bxe4 24.Nf5 Bxe3+ 25.Nxe3 Rac8 26.Qf2 Rc6 27.Rc3 d4 28.Rxc6 dxe3
{#R} 0-1

[Event "It (open)"]
[Site "masterchessopen.com – St. Ingbert (Germany)"]
[Round "4"]
[White "Roth Stefan (GER)"]
[Black "Schuler Martin"]
[Result "1-0"]
[WhiteElo "2031"]
[BlackElo "1640"]

1.d4 d5 2.c4 dxc4 3.Nf3 Nf6 4.Qa4+ Nbd7 5.Qxc4 e6 6.Nc3 b6 7.Bf4 c5 8.d5 exd5
9.Nxd5 Nxd5 10.Qxd5 Ba6 11.Ng5 Qc8 12.Qxf7+ Kd8 13.Ne6# 1-0

[Event "Ch Europe (team)"]
[Site "masterchessopen.com – Haifa (Israel)"]
[Round "0"]
[White "Horvath Jozsef M (HUN)"]
[Black "Rantanen Yrjo A (FIN)"]
[Result "0-1"]
[WhiteElo "2104"]
[BlackElo "2380"]

1.d4 d5 2.Nf3 Nf6 3.c4 dxc4 4.Qa4+ Nc6 5.Qxc4 Be6 6.Qa4 Bd5 7.e3 Qd7 8.Nc3
Bxf3 9.gxf3 e5 10.dxe5 Nxe5 11.f4 Nf3+ 12.Ke2 c6 13.h3 Nh4 14.Qc2 O-O-O 15.b3
Nd5 16.Nb5 Nb4 17.Nxa7+ Kb8 18.Qd2 Qe8 19.Qc3 Nd5 20.Nxc6+ bxc6 21.Qd4 Qe4
{#R} 0-1

[Event "It (open)"]
[Site "masterchessopen.com – Luxembourg"]
[Round "8"]
[White "Dolezal Martin (CZE)"]
[Black "Mathonia Claude (GER)"]
[Result "0-1"]
[WhiteElo "2260"]
[BlackElo "2216"]

1.Nf3 d5 2.d4 Nf6 3.c4 dxc4 4.Qa4+ Nc6 5.Nc3 Nd5 6.e4 Nb6 7.Qd1 Bg4 8.d5 Ne5
9.Qd4 Ng6 10.Be3 e6 11.Bxc4 Nxc4 12.Qxc4 exd5 13.exd5 Bxf3 14.Qb5+ c6 15.Qxb7
Bg4 16.dxc6 Rc8 17.f3 Be6 18.Nb5 Qd3 19.Bd2 Bc5 20.Nc7+ Rxc7 21.Qxc7 O-O
22.Rc1 Bb6 23.Qg3 Be3 24.Bb4 Bxc1 25.Bxf8 Qe3+ {#R} 0-1

[Event "?"]
[Site "masterchessopen.com – Bayamo (Cuba)"]
[Round "3"]
[White "Verduga Denis (MEX)"]
[Black "Yakovich Yuri (RUS)"]
[Result "0-1"]
[WhiteElo "2345"]
[BlackElo "2549"]

1.Nf3 d5 2.d4 Nf6 3.c4 dxc4 4.Qa4+ Nc6 5.g3 Nd7 6.Qxc4 Nb6 7.Qd3 e5 8.Bg5 f6
9.Be3 Nb4 10.Qd1 exd4 11.Bxd4 c5 12.Bc3 Qxd1+ 13.Kxd1 Be6 14.b3 Be7 15.Kc1 O-O
16.Bg2 a5 17.Nbd2 N4d5 18.Bb2 a4 19.Nc4 Nxc4 20.bxc4 Nb6 21.Nd2 Rab8 22.Rd1
Rfd8 23.Bc3 Nxc4 24.Rb1 b5 25.Bc6 b4 26.Nxc4 Bxc4 27.Rxd8+ Rxd8 28.Bd2 a3 {#R}
0-1

[Event "It (open) \"]
[Site "masterchessopen.com – Buenos Aires (Argentina)"]
[Round "2"]
[White "Agnolin Diaz Antonio (ARG)"]
[Black "Giardelli Sergio C (ARG)"]
[Result "0-1"]
[WhiteElo "2220"]
[BlackElo "2346"]

1.Nf3 d5 2.d4 Nf6 3.c4 dxc4 4.Qa4+ c6 5.Qxc4 g6 6.Nc3 Bg7 7.g3 O-O 8.Bg2 Be6
9.Qb4 b5 10.Ne5 a5 11.Qc5 Ra6 12.Ne4 Nxe4 13.Bxe4 Nd7 14.Qc3 c5 15.Be3 cxd4
16.Bxd4 b4 17.Qd3 Nxe5 18.Bxe5 Bxe5 19.Qxa6 Bxb2 {#R} 0-1

[Event "It"]
[Site "masterchessopen.com – Kecskemet (Hungary)"]
[Round "4"]
[White "Schlosser Philipp (GER)"]
[Black "Videki Sandor (HUN)"]
[Result "1-0"]
[WhiteElo "2591"]
[BlackElo "2441"]

1.d4 d5 2.Nf3 Nf6 3.c4 dxc4 4.Qa4+ c6 5.Qxc4 Bf5 6.g3 e6 7.Bg2 Be7 8.O-O Nbd7
9.Nc3 O-O 10.e3 Ne4 11.Rd1 h6 12.Nd2 Nxd2 13.Bxd2 Rc8 14.Qe2 Re8 15.e4 Bh7
16.Be3 Qc7 17.Rac1 Qb8 18.d5 Nf8 19.dxc6 Rxc6 20.e5 Rcc8 21.f4 Red8 22.Qf2 b6
23.Rxd8 Rxd8 24.Nb5 Rd7 25.h3 Bd3 26.Nd4 Rc7 27.Nc6 Qe8 28.a4 Kh8 29.b4 Nd7
30.Qd2 Ba6 31.Nxe7 Rxc1+ 32.Qxc1 Qxe7 {#r} 1-0

[Event "Olympiad"]
[Site "masterchessopen.com – Novi Sad (Yugoslavia)"]
[Round "0"]
[White "Hoelzl Franz (AUT)"]
[Black "Rantanen Yrjo A (FIN)"]
[Result "0-1"]
[WhiteElo "2336"]
[BlackElo "2400"]

1.d4 d5 2.c4 dxc4 3.Nf3 Nf6 4.Qa4+ Nc6 5.Nbd2 Qd5 6.e4 Qa5 7.Qxa5 Nxa5 8.Ne5
e6 9.Nexc4 Nc6 10.e5 Nd5 11.Nf3 Bd7 12.Bd3 O-O-O 13.a3 Be8 14.h4 f6 15.h5 Nde7
16.Ke2 Nxd4+ 17.Nxd4 Rxd4 18.Be3 Rd8 19.Bxa7 Nc6 20.Be3 fxe5 21.Bg5 Rd5
22.Rad1 e4 23.Bxe4 Rxg5 24.f4 Bxh5+ {#R} 0-1

[Event "Ch Hamburg"]
[Site "masterchessopen.com – Hamburg (Germany)"]
[Round "8"]
[White "Nogly Christoph (GER)"]
[Black "Putzbach Gerd (GER)"]
[Result "0-1"]
[WhiteElo "2231"]
[BlackElo "2234"]

1.d4 d5 2.Nf3 Nf6 3.c4 dxc4 4.Qa4+ Nbd7 5.Nc3 c6 6.Qxc4 Nb6 7.Qd3 Bg4 8.e4
Bxf3 9.gxf3 e6 10.Be3 Qc7 11.Rc1 Rd8 12.f4 Nh5 13.Qd2 f5 14.d5 fxe4 15.Qe2
Nxf4 16.Bxb6 axb6 17.Qxe4 cxd5 18.Bb5+ Kf7 19.Qf3 Bb4 20.O-O Bxc3 21.Rxc3 Qe5
22.Rfc1 Rhf8 23.Qe3 Qf6 24.Rc7+ Kg8 25.Rxb7 d4 26.Qe4 Nh3+ 27.Kg2 Nxf2 {#R}
0-1

[Event "It (open)"]
[Site "masterchessopen.com – Moscow (Russia)"]
[Round "4"]
[White "Krasenkow Michal (POL)"]
[Black "Mesropov Konstantin (RUS)"]
[Result "1-0"]
[WhiteElo "2550"]
[BlackElo "2426"]

1.d4 d5 2.Nf3 Nf6 3.c4 dxc4 4.Qa4+ Nbd7 5.Nc3 e6 6.e4 a6 7.Bxc4 c6 8.Qc2 b5
9.Bd3 Be7 10.e5 Nd5 11.Nxd5 cxd5 12.Bxh7 g6 13.Bxg6 fxg6 14.Qxg6+ Kf8 15.Bh6+
Rxh6 16.Qxh6+ Kf7 17.Qh7+ Ke8 18.Qg6+ Kf8 19.h4 Qe8 20.Qh6+ Kg8 21.Rh3 {#r}
1-0

[Event "It (cat.3) \"]
[Site "masterchessopen.com – Prague (Czech Republic)"]
[Round "8"]
[White "Keitlinghaus Ludger (GER)"]
[Black "Kamber Bruno (SUI)"]
[Result "1-0"]
[WhiteElo "2445"]
[BlackElo "2292"]

1.Nf3 d5 2.d4 Nf6 3.c4 dxc4 4.Qa4+ Nc6 5.Nc3 Nd7 6.Qxc4 Nb6 7.Qd3 g6 8.d5 Nb8
9.Qd4 f6 10.h4 c6 11.e4 Bg4 12.Be3 Bg7 13.Nh2 e5 14.Qd2 h5 15.Nxg4 hxg4 16.f4
cxd5 17.Bb5+ N8d7 18.Bxb6 axb6 19.Qxd5 {#r} 1-0

[Event "It (open) \"]
[Site "masterchessopen.com – Gausdal (Norway)"]
[Round "0"]
[White "Barkhagen Jonas (SWE)"]
[Black "Murshed Niaz (BAN)"]
[Result "0-1"]
[WhiteElo "2405"]
[BlackElo "2505"]

1.d4 d5 2.c4 dxc4 3.Nf3 Nf6 4.Qa4+ c6 5.Qxc4 Bf5 6.g3 e6 7.Bg2 Nbd7 8.O-O Be7
9.Nc3 O-O 10.Qb3 Qb6 11.Nd2 Rfd8 12.Nc4 Qa6 13.e4 Bg6 14.Rd1 b5 15.Ne5 Nxe5
16.dxe5 Ng4 17.Bf4 Qb6 18.Qc2 Nxf2 {#R} 0-1

[Event "It (open) \"]
[Site "masterchessopen.com – Berlin (Germany)"]
[Round "0"]
[White "Ellers Holger (GER)"]
[Black "Raetsky Alexander (RUS)"]
[Result "0-1"]
[WhiteElo "2370"]
[BlackElo "2465"]

1.d4 d5 2.c4 dxc4 3.Nf3 Nf6 4.Qa4+ Nc6 5.Nc3 Nd5 6.Qxc4 Ndb4 7.Qb3 e5 8.Bg5
Be6 9.Qa4 f6 10.O-O-O a6 11.dxe5 Qc8 12.exf6 b5 13.fxg7 Bxg7 14.Qa3 Bf8 15.Nd5
Nxd5 16.Qd3 Bg7 17.Qe4 Qd7 18.Qh4 Ncb4 {#R} 0-1

[Event "Cup Arnold"]
[Site "masterchessopen.com – Gausdal (Norway)"]
[Round "3"]
[White "Johansson Per (SWE)"]
[Black "Rantanen Yrjo A (FIN)"]
[Result "0-1"]
[WhiteElo "2031"]
[BlackElo "2400"]

1.d4 d5 2.Nf3 Nf6 3.c4 dxc4 4.Qa4+ Nc6 5.Qxc4 Be6 6.Qa4 Bd5 7.Nbd2 Qd7 8.g3 a6
9.e3 e5 10.dxe5 Nb4 11.Qd1 Qf5 12.Nd4 Qxe5 13.Nc4 Qe7 14.Rg1 O-O-O 15.a3 Bxc4
16.Bxc4 {#R} 0-1

[Event "Oberliga NRW 1994/95"]
[Site "masterchessopen.com – Germany"]
[Round "0"]
[White "Lytchak Alexander (GER)"]
[Black "Bachmann Karlheinz (GER)"]
[Result "1-0"]
[WhiteElo "2240"]
[BlackElo "2295"]

1.d4 d5 2.c4 dxc4 3.Nf3 Nf6 4.Qa4+ Nbd7 5.Nc3 e6 6.e4 Be7 7.Bxc4 O-O 8.Qc2 Nb6
9.Bd3 h6 10.Be3 Ng4 11.Bf4 c5 12.dxc5 Bxc5 13.O-O Qf6 14.Bg3 Nd7 15.e5 Ndxe5
16.Nxe5 Bxf2+ 17.Rxf2 Nxf2 18.Rf1 Nh3+ 19.gxh3 Qe7 20.Bh7+ Kh8 21.Rxf7 {#r}
1-0

[Event "Ch Netherlands (team) 1995/96"]
[Site "masterchessopen.com – Netherlands"]
[Round "3"]
[White "Kohler Aran (NED)"]
[Black "Van Rijn Anton (NED)"]
[Result "1-0"]
[WhiteElo "2330"]
[BlackElo "2270"]

1.d4 d5 2.Nf3 Nf6 3.c4 dxc4 4.Qa4+ Nc6 5.Nc3 Nd5 6.Qxc4 Ndb4 7.Qb3 Be6 8.Qa4
Bd7 9.Qd1 Bg4 10.a3 Nd5 11.e4 Nb6 12.d5 Nb8 13.h3 Bxf3 14.Qxf3 g6 15.h4 Bg7
16.h5 N8d7 17.hxg6 hxg6 18.Rxh8+ Bxh8 19.Qh3 Bd4 20.Bf4 a6 21.O-O-O Bxf2
22.Qh8+ Nf8 23.Bh6 Kd7 24.e5 f5 {#r} 1-0

[Event "VK3 1996/97"]
[Site "masterchessopen.com – NRW (Germany)"]
[Round "0"]
[White "Dick Matthias (GER)"]
[Black "Schorra Helmut (GER)"]
[Result "0-1"]
[WhiteElo "2086"]
[BlackElo "2085"]

1.d4 d5 2.Nf3 Nf6 3.c4 dxc4 4.Qa4+ Nbd7 5.Qxc4 Nb6 6.Qc2 Bg4 7.Nbd2 e6 8.e3
Bf5 9.Bd3 Bxd3 10.Qxd3 c5 11.Qb5+ Qd7 12.Qxd7+ Nbxd7 13.b3 cxd4 14.Nxd4 Bb4
15.Nb5 Ke7 16.Ba3 Bxa3 17.Nxa3 Rac8 18.Ke2 Rc6 19.Rac1 Rhc8 20.Rxc6 Rxc6
21.Rd1 Nd5 22.Ndb1 Nb4 23.Nb5 Nxa2 24.Nxa7 Rc5 25.Rd4 Nc1+ 26.Kf3 Ne5+ {#R}
0-1

[Event "Ch Sweden (corr.)"]
[Site "masterchessopen.com – Sweden"]
[Round "1"]
[White "Ronlan David (SWE)"]
[Black "Alvebring Martin"]
[Result "0-1"]
[WhiteElo "1969"]
[BlackElo "2050"]

1.d4 d5 2.c4 dxc4 3.Nf3 Nf6 4.Qa4+ c6 5.Qxc4 Bf5 6.g3 Nbd7 7.Bg2 e6 8.O-O Bd6
9.Nc3 O-O 10.Nh4 Bg4 11.h3 Bh5 12.e4 Nb6 13.Qb3 Nfd7 14.Be3 c5 15.Nf3 Bxf3
16.Bxf3 Qf6 17.dxc5 Bxc5 18.Bxc5 Nxc5 19.Qb5 Qxf3 20.Qxc5 Rac8 21.Qe7 Nc4
22.Qxb7 Rc5 23.Qb3 Ne3 {#R} 0-1